Представление документа в формате MARC21

Поле Инд. ПП Название Значение
Тип записи m
Библиографический уровень m
001 Контрольный номер RU/LIBMSTU/426693714
005 Дата корректировки 20230131101023.0
008 Кодируемые данные 130416|||||||||ru |||||||||||000|||rus||
040 b Код языка каталог. rus
e Правила каталог. PSBO
041 0_ a Код языка текста rus
084 a Индекс другой классификации/Индекс ББК 67.400.7
090 x Авторский знак С 40
245 10 a Заглавие Система государственного и муниципального управления
b Продолж. заглавия метод. указания к выполнению курсового проекта для слушателей ИДПО специальности 080504.65 "Государственное и муниципальное управление"
c Ответственность Федер. агентство по рыболовству, Мурман. гос. техн. ун-т, Каф. менеджмента, коммерции, маркетинга и рекламы ; сост. Е. С. Кузнецова, С. М. Леус
h Физич. носитель Электронный ресурс
256 a Характеристики компьютерного файла Электрон. текстовые дан. (1 файл : 144 Кб)
260 a Место издания Мурманск
b Издательство Изд-во МГТУ
c Дата издания 2012
500 10 a Примечание Доступ из локальной сети Мурман. гос. техн. ун-та. - Загл. с экрана
583 x Служебное примечание Полнотекстовые документы
x Служебное примечание Труды преподавателей МГТУ
z Открытое примечание Для студентов экономических специальностей
653 1_ a Ключевые слова Государственное управление; Местное управление; Методические указания; Муниципальное управление; Электронные версии
a Ключевые слова Труды преподавателей МГТУ
856 0_ u URL https://elib.mauniver.ru/2012/M_12_148.pdf
901 t Тип документа m
952 c Вид литературы учебно-методическое издание